<?xml version="1.0" encoding="UTF-8"?>
<record
    xmlns:xsi="http://www.w3.org/2001/XMLSchema-instance"
    xsi:schemaLocation="http://www.loc.gov/MARC21/slim http://www.loc.gov/standards/marcxml/schema/MARC21slim.xsd"
    xmlns="http://www.loc.gov/MARC21/slim">

  <leader>     nam a22     7a 4500</leader>
  <datafield tag="999" ind1=" " ind2=" ">
    <subfield code="c">138889</subfield>
    <subfield code="d">138887</subfield>
  </datafield>
  <controlfield tag="005">20180306112441.0</controlfield>
  <controlfield tag="008">180306b        xxu||||| |||| 00| 0 eng d</controlfield>
  <datafield tag="020" ind1=" " ind2=" ">
    <subfield code="a">9788424912799</subfield>
  </datafield>
  <datafield tag="050" ind1="0" ind2="4">
    <subfield code="a">B362.E7 </subfield>
    <subfield code="b">D53 r2008</subfield>
  </datafield>
  <datafield tag="100" ind1="1" ind2=" ">
    <subfield code="4">Plat&#xF3;n, 427-347 a. C</subfield>
  </datafield>
  <datafield tag="245" ind1=" " ind2=" ">
    <subfield code="a">Di&#xE1;logos :</subfield>
    <subfield code="b">Parm&#xE9;nides, Teeteto, Sofista, Pol&#xED;tico. /</subfield>
    <subfield code="c">Platon ; tr. y not. Ma. Isabel Santa Cruz, Alvaro Vallejo Campos,  N&#xE9;stor Luis Cordero</subfield>
  </datafield>
  <datafield tag="300" ind1=" " ind2=" ">
    <subfield code="a">3 vol. No. 5</subfield>
  </datafield>
  <datafield tag="440" ind1=" " ind2=" ">
    <subfield code="a"> Biblioteca cl&#xE1;sica Gredos :No.117</subfield>
  </datafield>
  <datafield tag="504" ind1=" " ind2=" ">
    <subfield code="a">La biblioteca cuenta con 3 vol. No. 5</subfield>
  </datafield>
  <datafield tag="505" ind1=" " ind2=" ">
    <subfield code="a">Contenodo.- V.5 Parm&#xE9;nides, Teeteto, Sofista, Pol&#xED;tico.</subfield>
  </datafield>
  <datafield tag="650" ind1=" " ind2="7">
    <subfield code="a">Filosof&#xED;a antigua</subfield>
  </datafield>
  <datafield tag="700" ind1=" " ind2=" ">
    <subfield code="a">Ma. Isabel Santa Cruz, </subfield>
    <subfield code="e">tr. introd.  y not. </subfield>
  </datafield>
  <datafield tag="700" ind1=" " ind2=" ">
    <subfield code="a">Alvaro Vallejo Campos, </subfield>
    <subfield code="e">tr. introd.  y not. </subfield>
  </datafield>
  <datafield tag="700" ind1=" " ind2=" ">
    <subfield code="a"> N&#xE9;stor Luis Cordero</subfield>
    <subfield code="e">tr. introd.  y not. </subfield>
  </datafield>
  <datafield tag="942" ind1=" " ind2=" ">
    <subfield code="2">lcc</subfield>
    <subfield code="c">LIB</subfield>
  </datafield>
  <datafield tag="952" ind1=" " ind2=" ">
    <subfield code="1">0</subfield>
    <subfield code="2">lcc</subfield>
    <subfield code="4">0</subfield>
    <subfield code="7">0</subfield>
    <subfield code="a">LIC-020</subfield>
    <subfield code="b">LIC-020</subfield>
    <subfield code="c">GENERAL</subfield>
    <subfield code="d">2018-03-06</subfield>
    <subfield code="f">1 ed.</subfield>
    <subfield code="k">EH</subfield>
    <subfield code="l">1</subfield>
    <subfield code="o">B362.E7 D53 r2008</subfield>
    <subfield code="p">BFF000009766</subfield>
    <subfield code="r">2025-11-12 11:04:21</subfield>
    <subfield code="s">2025-11-04</subfield>
    <subfield code="t">C:1 V.5</subfield>
    <subfield code="y">LIB</subfield>
  </datafield>
</record>
